Matematika érettségi dolgozatok elemzése 1996-1998
Elmentve itt :
| Szerző: | |
|---|---|
| További közreműködők: | |
| Dokumentumtípus: | Szakdolgozat |
| Megjelent: |
2002
|
| Tárgyszavak: | |
| Online Access: | http://diploma.bibl.u-szeged.hu/56181 |
| LEADER | 00588nta a2200157 i 4500 | ||
|---|---|---|---|
| 001 | dipl56181 | ||
| 005 | 20160416155549.0 | ||
| 008 | 160416s2002 hu om 0|| hun d | ||
| 040 | |a SZTE Diploma Repozitórium |b hun | ||
| 041 | |a hun | ||
| 100 | 2 | |a Klausz Ferencné Lénárd Mária | |
| 245 | 1 | 0 | |a Matematika érettségi dolgozatok elemzése 1996-1998 |h [elektronikus dokumentum] / |c Mária Klausz Ferencné Lénárd |
| 260 | |c 2002 | ||
| 650 | 4 | |a Bölcsészettudományok | |
| 700 | 1 | |a Tompa Klára |e ths | |
| 856 | 4 | 0 | |u http://diploma.bibl.u-szeged.hu/id/eprint/56181/1/2002_klausz_ferencne.pdf |z Dokumentum-elérés |